[Event "5.Copenhagen Open IM Politiken Cup"]
[Site "Hvidovre"]
[Date "1983.??.??"]
[Round "4"]
[White "Cramling, Dan"]
[Black "De Boer, Gert Jan"]
[Result "1-0"]
[WhiteElo "2410"]
[BlackElo "2330"]
[PlyCount "81"]
[EventDate "1983.??.??"]
[EventType "swiss"]
[EventRounds "9"]
[EventCountry "DEN"]
[SourceDate "2004.01.01"]

1. c4 Nf6 2. Nc3 c5 3. Nf3 e6 4. e3 Nc6 5. d4 cxd4 6. exd4 d5 7. cxd5 Nxd5 8.
Bd3 Be7 9. O-O O-O 10. Re1 Nf6 11. a3 b6 12. Bc2 Ba6 13. Bg5 Rc8 14. Qd2 Re8
15. Rad1 Nd5 16. Nxd5 Qxd5 17. Be4 Qd6 18. d5 exd5 19. Bxd5 Bf8 20. Rxe8 Rxe8
21. Qc1 Ne5 22. Bxf7+ Kxf7 23. Rxd6 Nxf3+ 24. gxf3 Bxd6 25. Bf4 Rc8 26. Qd2
Bxf4 27. Qxf4+ Kg8 28. Qa4 Rc1+ 29. Kg2 Bf1+ 30. Kg3 h6 31. Qxa7 b5 32. a4 bxa4
33. Qxa4 Rc8 34. Qd1 Bc4 35. b3 Be6 36. b4 Re8 37. b5 Re7 38. Qd8+ Kf7 39. b6
Rb7 40. Qd6 Bc4 41. Qf4+ 1-0

[Event "5.Copenhagen Open IM Politiken Cup"]
[Site "Hvidovre"]
[Date "1983.??.??"]
[Round "9"]
[White "Cramling, Dan"]
[Black "Moe, Mogens"]
[Result "1-0"]
[WhiteElo "2410"]
[BlackElo "2345"]
[PlyCount "81"]
[EventDate "1983.??.??"]
[EventType "swiss"]
[EventRounds "9"]
[EventCountry "DEN"]
[SourceDate "2004.01.01"]

1. Nf3 Nf6 2. c4 g6 3. Nc3 Bg7 4. e4 c5 5. d4 cxd4 6. Nxd4 Nc6 7. Be3 Ng4 8.
Qxg4 Nxd4 9. Qd1 Ne6 10. Rc1 b6 11. b4 Bb7 12. Bd3 Qb8 13. Nd5 -- 14. g3 h5 15.
h4 Nc7 16. Nf4 Bb2 17. Rb1 Bc3+ 18. Kf1 e6 19. Kg2 O-O 20. g4 f5 21. gxf5 exf5
22. Nxg6 fxe4 23. Rg1 exd3+ 24. Kf1 Bg7 25. Ne7+ Kf7 26. Nf5 Bf6 27. Qxh5+ Ke6
28. Re1 Be4 29. Bd4 d5 30. cxd5+ Kxd5 31. Bxf6 Rxf6 32. Ng3+ Kc6 33. Nxe4 Re6
34. Qf3 Qf8 35. Nf6+ Kd6 36. Qxd3+ Ke7 37. Rxe6+ Kxe6 38. Rg3 Rd8 39. Qe4+ Kf7
40. Qh7+ Ke6 41. Qxc7 1-0

[Event "5.Copenhagen Open IM Politiken Cup"]
[Site "Hvidovre"]
[Date "1983.??.??"]
[Round "2"]
[White "Cramling, Dan"]
[Black "Bator, Robert"]
[Result "1-0"]
[WhiteElo "2410"]
[BlackElo "2305"]
[PlyCount "112"]
[EventDate "1983.??.??"]
[EventType "swiss"]
[EventRounds "9"]
[EventCountry "DEN"]
[SourceDate "2004.01.01"]

1. c4 e5 2. Nc3 Nf6 3. g3 Bb4 4. Bg2 O-O 5. e4 a5 6. Nge2 d6 7. O-O Be6 8. d3
c6 9. b3 h6 10. d4 Qc8 11. Na4 exd4 12. Nb6 Qd8 13. Nxa8 Na6 14. Qxd4 Qxa8 15.
Bxh6 Bg4 16. Nc1 Bc5 17. Qc3 Qa7 18. Be3 Bxe3 19. Qxe3 Qxe3 20. fxe3 Nc5 21. h3
Bh5 22. g4 Bg6 23. Ne2 Bxe4 24. Rfd1 Re8 25. Rxd6 Bxg2 26. Kxg2 Rxe3 27. Rd8+
Kh7 28. Ng3 Ne6 29. Rdd1 g5 30. Re1 Nf4+ 31. Kh2 Rf3 32. Rf1 Rd3 33. Rad1 Rc3
34. Rc1 Re3 35. Rc2 Nd7 36. Rcf2 Ne5 37. Rxf4 gxf4 38. Rxf4 Rd3 39. Ne4 Kg7 40.
Kg2 Rd4 41. Ng3 Rd2+ 42. Rf2 Rxf2+ 43. Kxf2 Nd3+ 44. Ke3 Nc1 45. Nf5+ Kg6 46.
h4 Nxa2 47. h5+ Kh7 48. Nd6 Nc1 49. Nxf7 Nxb3 50. g5 a4 51. g6+ Kg7 52. Nd6 Nc5
53. Nf5+ Kg8 54. h6 Ne6 55. h7+ Kh8 56. Nd6 Ng7 1-0

[Event "5.Copenhagen Open IM Politiken Cup"]
[Site "Hvidovre"]
[Date "1983.??.??"]
[Round "7"]
[White "Cramling, Dan"]
[Black "Davies, Nigel"]
[Result "1-0"]
[WhiteElo "2410"]
[BlackElo "2375"]
[PlyCount "67"]
[EventDate "1983.??.??"]
[EventType "swiss"]
[EventRounds "9"]
[EventCountry "DEN"]
[SourceDate "2004.01.01"]

1. c4 g6 2. d4 Bg7 3. e4 d6 4. Nc3 Nc6 5. d5 Nd4 6. Be3 c5 7. Nge2 Qb6 8. Nxd4
cxd4 9. Na4 dxe3 10. Nxb6 exf2+ 11. Kxf2 axb6 12. Qd2 Nf6 13. Bd3 Ng4+ 14. Ke2
O-O 15. h3 Ne5 16. b3 Bd7 17. a4 Ra6 18. Rac1 Rfa8 19. Kf2 Be8 20. Be2 R6a7 21.
Qg5 Kf8 22. Qe3 Nd7 23. Bg4 Nc5 24. h4 h6 25. Rhf1 Kg8 26. Kg1 h5 27. Bd1 Bd7
28. Rc2 Rf8 29. g4 hxg4 30. Rg2 f5 31. exf5 gxf5 32. Bc2 e5 33. dxe6 Nxe6 34.
Bxf5 1-0

[Event "5.Copenhagen Open IM Politiken Cup"]
[Site "Hvidovre"]
[Date "1983.??.??"]
[Round "8"]
[White "Davies, Nigel"]
[Black "Bednarski, Jacek"]
[Result "1-0"]
[WhiteElo "2375"]
[BlackElo "2325"]
[PlyCount "57"]
[EventDate "1983.??.??"]
[EventType "swiss"]
[EventRounds "9"]
[EventCountry "DEN"]
[SourceDate "2004.01.01"]

1. Nf3 Nf6 2. g3 g6 3. Bg2 Bg7 4. c4 c6 5. d4 O-O 6. O-O d5 7. Nc3 dxc4 8. a4
Na6 9. h3 Nd7 10. Bf4 Nb4 11. Qc1 Nd5 12. Bh6 Nxc3 13. bxc3 Qa5 14. e4 e5 15.
Bxg7 Kxg7 16. Nh4 Qd8 17. f4 exf4 18. Rxf4 Nf6 19. Qe3 Qe7 20. Rf2 Be6 21. Raf1
Ng8 22. d5 cxd5 23. exd5 Bd7 24. Qd4+ f6 25. d6 Qe5 26. Qxe5 fxe5 27. Nf3 Bxa4
28. Nxe5 Rxf2 29. Rxf2 {Time} 1-0

[Event "5.Copenhagen Open IM Politiken Cup"]
[Site "Hvidovre"]
[Date "1983.??.??"]
[Round "4"]
[White "Davies, Nigel"]
[Black "Welin, Thomas"]
[Result "1/2-1/2"]
[WhiteElo "2375"]
[BlackElo "2330"]
[PlyCount "33"]
[EventDate "1983.??.??"]
[EventType "swiss"]
[EventRounds "9"]
[EventCountry "DEN"]
[SourceDate "2004.01.01"]

1. Nf3 c5 2. g3 Nc6 3. Bg2 g6 4. d4 cxd4 5. Nxd4 Bg7 6. Nxc6 bxc6 7. O-O Rb8 8.
Nd2 Qc7 9. Rb1 Nf6 10. c4 d6 11. b3 O-O 12. Bb2 Nd7 13. Bxg7 Kxg7 14. Qc2 a5
15. Ne4 f5 16. Nc3 Nf6 17. Rbd1 1/2-1/2

[Event "5.Copenhagen Open IM Politiken Cup"]
[Site "Hvidovre"]
[Date "1983.??.??"]
[Round "2"]
[White "Davies, Nigel"]
[Black "Bjerring, Kai"]
[Result "1-0"]
[WhiteElo "2375"]
[BlackElo "2310"]
[PlyCount "77"]
[EventDate "1983.??.??"]
[EventType "swiss"]
[EventRounds "9"]
[EventCountry "DEN"]
[SourceDate "2004.01.01"]

1. Nf3 g6 2. e4 c5 3. d4 Bg7 4. d5 b5 5. a4 b4 6. c4 d6 7. h3 Nd7 8. Bd3 Ne5 9.
Nxe5 Bxe5 10. f4 Bg7 11. O-O Kd7 12. a5 a6 13. Nd2 Kc7 14. Nf3 Kb8 15. Qe2 Ra7
16. Be3 Nh6 17. Qd2 f6 18. Bc2 Nf7 19. Bb3 Rc7 20. Qe2 f5 21. e5 e6 22. Rad1
Qe7 23. Bf2 exd5 24. cxd5 g5 25. Qd2 gxf4 26. Bh4 Qe8 27. exd6 Nxd6 28. Qxf4
Qg6 29. Bg3 Rd8 30. Ne5 Bxe5 31. Qxe5 f4 32. Qxf4 Bf5 33. Rfe1 Rf7 34. Qh4 Rg8
35. Kh2 Ka8 36. Re6 Bxe6 37. dxe6 Rf5 38. Rxd6 Rg5 39. Bd5+ 1-0

[Event "5.Copenhagen Open IM Politiken Cup"]
[Site "Hvidovre"]
[Date "1983.??.??"]
[Round "6"]
[White "Davies, Nigel"]
[Black "De Boer, Gert Jan"]
[Result "1/2-1/2"]
[WhiteElo "2375"]
[BlackElo "2330"]
[PlyCount "120"]
[EventDate "1983.??.??"]
[EventType "swiss"]
[EventRounds "9"]
[EventCountry "DEN"]
[SourceDate "2004.01.01"]

1. g3 d5 2. Bg2 Nf6 3. Nf3 c6 4. d3 Bg4 5. h3 Bh5 6. g4 Bg6 7. Nh4 e5 8. e3 Bd6
9. Nc3 Nbd7 10. Qe2 Qe7 11. Bd2 b5 12. a3 O-O 13. Nxg6 fxg6 14. h4 a5 15. g5
Nh5 16. Qg4 Kh8 17. Ne2 Nc5 18. O-O e4 19. d4 Na4 20. Rab1 Bc7 21. f4 exf3 22.
Rxf3 Rxf3 23. Bxf3 Nb6 24. b3 a4 25. Nf4 axb3 26. cxb3 Nxf4 27. exf4 Qxa3 28.
Qe6 Qa2 29. Re1 Rg8 30. Bb4 Qa8 31. Bc5 b4 32. Kg2 Qa2+ 33. Re2 Qa8 34. h5 gxh5
35. g6 Qc8 36. Bxh5 Qxe6 37. Rxe6 hxg6 38. Bxg6 Nd7 39. Bxb4 Bxf4 40. Rxc6 Rb8
41. Kf3 Nf8 42. Kxf4 Nxg6+ 43. Rxg6 Rxb4 44. Ke5 Rxb3 45. Kxd5 Rd3 46. Rg4 Kg8
47. Ke6 Re3+ 48. Kd6 Kf7 49. d5 Rd3 50. Kc6 Kf6 51. d6 g5 52. d7 Kf5 53. Rg3
Rxd7 54. Kxd7 g4 55. Kd6 Kf4 56. Rg1 g3 57. Kd5 Kf3 58. Rd1 g2 59. Rg1 Kf2 60.
Rxg2+ Kxg2 1/2-1/2

[Event "5.Copenhagen Open IM Politiken Cup"]
[Site "Hvidovre"]
[Date "1983.??.??"]
[Round "7"]
[White "De Boer, Gert Jan"]
[Black "Flear, Glenn"]
[Result "0-1"]
[WhiteElo "2330"]
[BlackElo "2380"]
[PlyCount "76"]
[EventDate "1983.??.??"]
[EventType "swiss"]
[EventRounds "9"]
[EventCountry "DEN"]
[SourceDate "2004.01.01"]

1. d4 d5 2. c4 e6 3. Nc3 c6 4. Nf3 dxc4 5. a4 Bb4 6. e3 b5 7. Bd2 a5 8. axb5
Bxc3 9. Bxc3 cxb5 10. b3 Bb7 11. bxc4 b4 12. Bb2 Nf6 13. Bd3 Be4 14. Bxe4 Nxe4
15. Qc2 f5 16. g4 O-O 17. Rg1 Ng5 18. Nd2 f4 19. e4 Nc6 20. d5 Nh3 21. Rg2 Ne7
22. Qd3 f3 23. Qd4 Rf7 24. Rg3 Nf4 25. Nxf3 Neg6 26. Ne5 Nxe5 27. Qxe5 Qh4 28.
dxe6 Nd3+ 29. Rxd3 Qxf2+ 30. Kd1 Qf1+ 31. Kc2 Rf2+ 32. Rd2 Qxc4+ 33. Bc3 Rxd2+
34. Kxd2 bxc3+ 35. Ke3 c2 36. Rc1 Qb3+ 37. Ke2 Rd8 38. Qg3 Qc4+ 0-1

[Event "5.Copenhagen Open IM Politiken Cup"]
[Site "Hvidovre"]
[Date "1983.??.??"]
[Round "3"]
[White "De Boer, Gert Jan"]
[Black "King, Daniel J"]
[Result "1-0"]
[WhiteElo "2330"]
[BlackElo "2395"]
[PlyCount "60"]
[EventDate "1983.??.??"]
[EventType "swiss"]
[EventRounds "9"]
[EventCountry "DEN"]
[SourceDate "2004.01.01"]

1. d4 Nf6 2. c4 e6 3. Nf3 c5 4. d5 exd5 5. cxd5 d6 6. Nc3 g6 7. Nd2 Nbd7 8. e4
Bg7 9. Be2 O-O 10. O-O Re8 11. a4 Ne5 12. Ra3 g5 13. Re1 Ng6 14. Qc2 Nf4 15.
Nf1 Nxe2+ 16. Rxe2 Ng4 17. Ng3 Be5 18. Nd1 b6 19. Bd2 a6 20. Bc3 Ra7 21. Bxe5
Rxe5 22. h3 Nh6 23. Ne3 Re8 24. f3 Rae7 25. Nh5 Re5 26. Nc4 f6 27. Nxe5 dxe5
28. a5 Nf7 29. axb6 Qxb6 30. Rb3 Qd8 1-0

[Event "5.Copenhagen Open IM Politiken Cup"]
[Site "Hvidovre"]
[Date "1983.??.??"]
[Round "2"]
[White "De Boer, Gert Jan"]
[Black "Tompa, Janos"]
[Result "1/2-1/2"]
[WhiteElo "2330"]
[BlackElo "2420"]
[PlyCount "40"]
[EventDate "1983.??.??"]
[EventType "swiss"]
[EventRounds "9"]
[EventCountry "DEN"]
[SourceDate "2004.01.01"]

1. d4 Nf6 2. c4 e6 3. Nf3 b6 4. Nc3 Bb7 5. a3 d5 6. cxd5 exd5 7. g3 Be7 8. Bg2
O-O 9. O-O c5 10. Bf4 Nc6 11. dxc5 bxc5 12. Rc1 Na5 13. Na4 c4 14. Nd4 Qd7 15.
b4 cxb3 16. Nc5 Bxc5 17. Rxc5 Qa4 18. Bc7 Nc4 19. Qxb3 Qxb3 20. Nxb3 Rac8
1/2-1/2

[Event "5.Copenhagen Open IM Politiken Cup"]
[Site "Hvidovre"]
[Date "1983.??.??"]
[Round "5"]
[White "De Boer, Gert Jan"]
[Black "Pokojowczyk, Jerzy"]
[Result "1-0"]
[WhiteElo "2330"]
[BlackElo "2335"]
[PlyCount "55"]
[EventDate "1983.??.??"]
[EventType "swiss"]
[EventRounds "9"]
[EventCountry "DEN"]
[SourceDate "2004.01.01"]

1. d4 Nf6 2. c4 e6 3. Nf3 b6 4. Nc3 Bb7 5. a3 d5 6. cxd5 Nxd5 7. e3 Nd7 8. Bd3
c5 9. e4 Nxc3 10. bxc3 Be7 11. O-O cxd4 12. cxd4 O-O 13. Qe2 a6 14. a4 Nb8 15.
Bb2 Nc6 16. Rfd1 Nb4 17. Bb1 a5 18. Ne5 Rc8 19. Ra3 g6 20. d5 exd5 21. Ng4 f6
22. exd5 Nxd5 23. Rf3 Qd6 24. Ba2 Kh8 25. Qd2 Rcd8 26. Rd3 Qb4 27. Bxd5 Rxd5
28. Qxb4 1-0

[Event "5.Copenhagen Open IM Politiken Cup"]
[Site "Hvidovre"]
[Date "1983.??.??"]
[Round "9"]
[White "De Boer, Gert Jan"]
[Black "Bator, Robert"]
[Result "1/2-1/2"]
[WhiteElo "2330"]
[BlackElo "2305"]
[PlyCount "82"]
[EventDate "1983.??.??"]
[EventType "swiss"]
[EventRounds "9"]
[EventCountry "DEN"]
[SourceDate "2004.01.01"]

1. d4 Nf6 2. c4 e6 3. Nf3 Bb4+ 4. Bd2 a5 5. Nc3 O-O 6. e3 Bxc3 7. Bxc3 Ne4 8.
Qc2 Nxc3 9. Qxc3 c5 10. Be2 b6 11. O-O Bb7 12. Rfd1 Qe7 13. Qb3 Qd6 14. dxc5
Qxc5 15. Rac1 Rd8 16. Nd4 Na6 17. Bf3 Bxf3 18. Nxf3 Rac8 19. Rc3 Qc7 20. Qc2
Nc5 21. Ng5 g6 22. Ne4 Nxe4 23. Qxe4 Qc6 24. Qc2 Qb7 25. e4 d6 26. Rd4 b5 27.
cxb5 Rxc3 28. Qxc3 Qxb5 29. b3 d5 30. exd5 exd5 31. Qd3 Qc5 32. g3 Qc1+ 33. Kg2
Qc6 34. h4 h5 35. Kh2 Qe6 36. Qd2 Qc6 37. Kg1 Qb5 38. Ra4 Ra8 39. Rd4 Rd8 40.
Ra4 Ra8 41. Rd4 Rd8 1/2-1/2

[Event "5.Copenhagen Open IM Politiken Cup"]
[Site "Hvidovre"]
[Date "1983.??.??"]
[Round "4"]
[White "Flear, Glenn"]
[Black "Bednarski, Jacek"]
[Result "1-0"]
[WhiteElo "2380"]
[BlackElo "2325"]
[PlyCount "62"]
[EventDate "1983.??.??"]
[EventType "swiss"]
[EventRounds "9"]
[EventCountry "DEN"]
[SourceDate "2004.01.01"]

1. d4 Nf6 2. c4 e6 3. Nc3 Bb4 4. e3 c5 5. Bd3 d5 6. Nf3 O-O 7. O-O dxc4 8. Bxc4
Qe7 9. a3 Ba5 10. Bd2 Bd7 11. dxc5 Qxc5 12. Be2 Qc8 13. Rc1 Nc6 14. b4 Bc7 15.
Na4 a6 16. Nc5 Rd8 17. Qc2 Be8 18. Bc3 Nd5 19. Ba1 h6 20. Rfd1 Bd6 21. Bc4 Bf8
22. Qe4 Bxc5 23. bxc5 f5 24. Qh4 Qc7 25. e4 fxe4 26. Qxe4 Nf4 27. g3 Rxd1+ 28.
Rxd1 Nh3+ 29. Kg2 Ng5 30. Nxg5 hxg5 31. Qxe6+ Bf7 {Time} 1-0

[Event "5.Copenhagen Open IM Politiken Cup"]
[Site "Hvidovre"]
[Date "1983.??.??"]
[Round "8"]
[White "Flear, Glenn"]
[Black "Cramling, Dan"]
[Result "0-1"]
[WhiteElo "2380"]
[BlackElo "2410"]
[PlyCount "110"]
[EventDate "1983.??.??"]
[EventType "swiss"]
[EventRounds "9"]
[EventCountry "DEN"]
[SourceDate "2004.01.01"]

1. d4 g6 2. c4 Bg7 3. Nc3 d6 4. e4 Nd7 5. Be2 e5 6. Nf3 Ngf6 7. O-O O-O 8. Re1
c6 9. Bf1 Ng4 10. h3 Nh6 11. Rb1 f6 12. b4 Nf7 13. c5 f5 14. cxd6 exd4 15. Nxd4
Qf6 16. Nf3 Qxd6 17. Qxd6 Nxd6 18. e5 Nb6 19. exd6 Bxc3 20. Bh6 Bxe1 21. Rxe1
Bd7 22. Bxf8 Rxf8 23. a4 Re8 24. Rxe8+ Bxe8 25. Ne5 Kg7 26. f4 Nd7 27. a5 Nb8
28. Bc4 Kf6 29. Bg8 g5 30. g3 h6 31. Kf2 b6 32. Ke3 c5 33. bxc5 bxc5 34. Kd3
Bb5+ 35. Bc4 Ba4 36. fxg5+ hxg5 37. Nf3 Nc6 38. h4 gxh4 39. gxh4 Nxa5 40. h5
Nb7 41. h6 Nxd6 42. Ne5 Be8 43. Bg8 a5 44. Kc3 f4 45. h7 Kg7 46. Bd5 Bh5 47.
Nd3 f3 48. Nxc5 f2 49. Bg2 Be2 50. Nb3 Ne4+ 51. Kd4 a4 52. Na1 Nd6 53. Kc5 Nf5
54. Nc2 a3 55. Kd5 Bd3 {Time} 0-1

[Event "5.Copenhagen Open IM Politiken Cup"]
[Site "Hvidovre"]
[Date "1983.??.??"]
[Round "2"]
[White "Flear, Glenn"]
[Black "Norgaard, Jesper"]
[Result "1-0"]
[WhiteElo "2380"]
[BlackElo "2290"]
[PlyCount "41"]
[EventDate "1983.??.??"]
[EventType "swiss"]
[EventRounds "9"]
[EventCountry "DEN"]
[SourceDate "2004.01.01"]

1. d4 Nf6 2. c4 g6 3. Nc3 Bg7 4. Nf3 O-O 5. e4 d6 6. Be2 e5 7. Be3 exd4 8. Nxd4
c6 9. f3 Re8 10. Bf2 d5 11. exd5 cxd5 12. O-O dxc4 13. Bxc4 Nbd7 14. Qb3 Ne5
15. Bb5 Be6 16. Nxe6 Rxe6 17. Rfd1 Qa5 18. Bf1 Nc6 19. Nb5 a6 20. Nd6 b5 21.
Nxf7 1-0

[Event "5.Copenhagen Open IM Politiken Cup"]
[Site "Hvidovre"]
[Date "1983.??.??"]
[Round "6"]
[White "Flear, Glenn"]
[Black "Grooten, Herman"]
[Result "0-1"]
[WhiteElo "2380"]
[BlackElo "2340"]
[PlyCount "50"]
[EventDate "1983.??.??"]
[EventType "swiss"]
[EventRounds "9"]
[EventCountry "DEN"]
[SourceDate "2004.01.01"]

1. d4 Nf6 2. c4 e6 3. Nc3 Bb4 4. e3 c5 5. Bd3 Nc6 6. Nge2 cxd4 7. exd4 d5 8.
O-O dxc4 9. Bxc4 O-O 10. a3 Bd6 11. Qd3 e5 12. d5 e4 13. Nxe4 Ne5 14. Qd4 Nxe4
15. Qxe4 Re8 16. Ng3 Ng4 17. Qc2 Bd7 18. Be2 Rc8 19. Qd1 Qh4 20. Bxg4 Bxg4 21.
Qa4 b5 22. Qxb5 Be2 23. Qd7 Bxf1 24. Qxd6 Re1 25. Nxf1 Qc4 0-1

[Event "5.Copenhagen Open IM Politiken Cup"]
[Site "Hvidovre"]
[Date "1983.??.??"]
[Round "5"]
[White "Grooten, Herman"]
[Black "Cramling, Dan"]
[Result "0-1"]
[WhiteElo "2340"]
[BlackElo "2410"]
[PlyCount "74"]
[EventDate "1983.??.??"]
[EventType "swiss"]
[EventRounds "9"]
[EventCountry "DEN"]
[SourceDate "2004.01.01"]

1. d4 g6 2. c4 Bg7 3. e4 d6 4. Nc3 Nd7 5. Nf3 e5 6. Be2 Ngf6 7. Bg5 h6 8. Bh4
O-O 9. Qc2 c6 10. O-O g5 11. Bg3 g4 12. Nh4 exd4 13. Na4 Ne5 14. Rad1 Nh5 15.
Kh1 c5 16. b4 b6 17. bxc5 bxc5 18. Nb2 Rb8 19. Nd3 Be6 20. Bxe5 dxe5 21. g3 Qc7
22. f3 Nf6 23. Rde1 Rfe8 24. f4 Nxe4 25. Nxe5 Qb7 26. Kg1 Bxe5 27. Bd3 Qb2 28.
Qxb2 Rxb2 29. Rxe4 Bg7 30. f5 Bd7 31. Rxg4 Re3 32. Be4 h5 33. Rg5 Rxe4 34. f6
Rg4 35. Rxg4 Bxg4 36. fxg7 d3 37. Ng2 Rxg2+ 0-1

[Event "5.Copenhagen Open IM Politiken Cup"]
[Site "Hvidovre"]
[Date "1983.??.??"]
[Round "3"]
[White "Grooten, Herman"]
[Black "Poulsen, Allan"]
[Result "1-0"]
[WhiteElo "2340"]
[BlackElo "2340"]
[PlyCount "57"]
[EventDate "1983.??.??"]
[EventType "swiss"]
[EventRounds "9"]
[EventCountry "DEN"]
[SourceDate "2004.01.01"]

1. d4 Nf6 2. c4 g6 3. Nc3 d5 4. Bg5 Ne4 5. Bh4 Nxc3 6. bxc3 Bg7 7. e3 c5 8. Nf3
Qa5 9. Qd2 dxc4 10. Bxc4 Nc6 11. Rc1 Bg4 12. Ng5 O-O 13. f3 Bf5 14. g4 Bd7 15.
Ne4 cxd4 16. cxd4 Qxd2+ 17. Kxd2 Na5 18. Bxe7 Rfe8 19. Nf6+ Bxf6 20. Bxf6 Nxc4+
21. Rxc4 Re6 22. g5 Ra6 23. Ra1 Be6 24. Rc7 Rxa2+ 25. Rxa2 Bxa2 26. e4 b5 27.
d5 a5 28. d6 Be6 29. d7 1-0

[Event "5.Copenhagen Open IM Politiken Cup"]
[Site "Hvidovre"]
[Date "1983.??.??"]
[Round "9"]
[White "Grooten, Herman"]
[Black "Davies, Nigel"]
[Result "1/2-1/2"]
[WhiteElo "2340"]
[BlackElo "2375"]
[PlyCount "44"]
[EventDate "1983.??.??"]
[EventType "swiss"]
[EventRounds "9"]
[EventCountry "DEN"]
[SourceDate "2004.01.01"]

1. d4 g6 2. e4 Bg7 3. c4 c5 4. d5 e5 5. Nc3 d6 6. g3 h5 7. h4 Nh6 8. Bh3 Na6 9.
Qa4+ Kf8 10. Bxc8 Qxc8 11. Nh3 f6 12. a3 Kg8 13. Qd1 Rh7 14. Rb1 Bf8 15. Qd3 b6
16. Kf1 Rb8 17. Kg2 Rbb7 18. Bd2 Rbg7 19. Rbf1 Nc7 20. Nd1 Be7 21. Bxh6 Rxh6
22. Ne3 Bf8 1/2-1/2

[Event "5.Copenhagen Open IM Politiken Cup"]
[Site "Hvidovre"]
[Date "1983.??.??"]
[Round "7"]
[White "Grooten, Herman"]
[Black "Welin, Thomas"]
[Result "1-0"]
[WhiteElo "2340"]
[BlackElo "2330"]
[PlyCount "120"]
[EventDate "1983.??.??"]
[EventType "swiss"]
[EventRounds "9"]
[EventCountry "DEN"]
[SourceDate "2004.01.01"]

1. d4 Nf6 2. c4 e6 3. Nf3 b6 4. a3 c5 5. d5 Ba6 6. Qc2 exd5 7. cxd5 g6 8. Nc3
Bg7 9. g3 O-O 10. Bg2 d6 11. O-O Nbd7 12. Qa4 Bb7 13. Qh4 a6 14. Bg5 Qc7 15.
Rad1 b5 16. Rfe1 Rfe8 17. Nd2 Re5 18. f4 Ree8 19. e4 c4 20. h3 a5 21. Kh2 b4
22. Nb5 Qb6 23. e5 Bxd5 24. Nxd6 Bxg2 25. Nxe8 Bb7 26. Nxf6+ Nxf6 27. g4 Qc6
28. Qf2 Nd5 29. Ne4 c3 30. bxc3 Nxc3 31. Nxc3 bxc3 32. Rd6 Qa4 33. e6 fxe6 34.
Rdxe6 c2 35. Re7 Qc6 36. Rc1 Bd4 37. Qe2 Rc8 38. Rxb7 Qxb7 39. Rxc2 Rxc2 40.
Qxc2 Kg7 41. a4 Qf7 42. Kg3 h6 43. Bd8 Qd5 44. Bc7 Qh1 45. Be5+ Bxe5 46. fxe5
Qe1+ 47. Kf4 g5+ 48. Kf5 Qf1+ 49. Ke6 Qf7+ 50. Kd6 Qf8+ 51. Kc7 Qf4 52. Kb6
Qe3+ 53. Qc5 Qxh3 54. Qe7+ Kg8 55. Qe8+ Kg7 56. Qe7+ Kg8 57. Qe6+ Kg7 58. Kxa5
Qc3+ 59. Ka6 Qd3+ 60. Kb7 Qe4+ 1-0

[Event "5.Copenhagen Open IM Politiken Cup"]
[Site "Hvidovre"]
[Date "1983.??.??"]
[Round "4"]
[White "Grooten, Herman"]
[Black "Auchenberg, Per"]
[Result "1-0"]
[WhiteElo "2340"]
[BlackElo "2240"]
[PlyCount "103"]
[EventDate "1983.??.??"]
[EventType "swiss"]
[EventRounds "9"]
[EventCountry "DEN"]
[SourceDate "2004.01.01"]

1. d4 Nf6 2. c4 g6 3. Nc3 d5 4. Bg5 Ne4 5. Bh4 Nxc3 6. bxc3 Bg7 7. e3 c5 8. Nf3
Nc6 9. Rc1 dxc4 10. Bxc4 O-O 11. O-O Bg4 12. h3 Bf5 13. Nd2 Na5 14. Be2 Qc7 15.
e4 Bc8 16. d5 e5 17. c4 b6 18. Bd3 Nb7 19. Bg3 Qe7 20. f4 f6 21. fxe5 fxe5 22.
Rxf8+ Kxf8 23. Qb3 Bd7 24. Nf3 Kg8 25. Qb2 Re8 26. Qa3 Ra8 27. Rb1 Qd6 28. Be2
Nd8 29. Bd1 Nf7 30. Ba4 Rc8 31. Bxd7 Qxd7 32. Qc3 Qd6 33. a4 Rb8 34. Kh2 Bf6
35. Ne1 Bg7 36. Nd3 Rb7 37. a5 h6 38. Rb5 Ng5 39. Nxc5 Rc7 40. h4 Rxc5 41. hxg5
Rc7 42. axb6 axb6 43. Qe3 Rxc4 44. gxh6 Bf6 45. Rxb6 Qd8 46. Qb3 Rc8 47. d6+
Kh7 48. d7 Qxd7 49. Rxf6 Kxh6 50. Qe3+ Kg7 51. Bxe5 Rh8+ 52. Kg1 1-0

[Event "5.Copenhagen Open IM Politiken Cup"]
[Site "Hvidovre"]
[Date "1983.??.??"]
[Round "6"]
[White "Hartung Nielsen, Jens"]
[Black "Andersen, Dan"]
[Result "1/2-1/2"]
[WhiteElo "2250"]
[BlackElo "2230"]
[PlyCount "100"]
[EventDate "1983.??.??"]
[EventType "swiss"]
[EventRounds "9"]
[EventCountry "DEN"]
[SourceDate "2004.01.01"]

1. d4 e6 2. Nf3 c5 3. c3 Nf6 4. Bg5 Nc6 5. e3 a6 6. Nbd2 d5 7. Bd3 cxd4 8. exd4
Bd7 9. O-O Be7 10. Re1 h6 11. Bh4 g5 12. Bg3 Nh5 13. Ne5 Nxg3 14. hxg3 Nxe5 15.
dxe5 h5 16. Nf3 g4 17. Nd4 Bc5 18. Bf1 Qg5 19. Qc1 Qg7 20. Qe3 Ba7 21. a4 Rc8
22. Nxe6 fxe6 23. Qxa7 h4 24. gxh4 g3 25. fxg3 Qxg3 26. Qf2 Qxh4 27. Qxh4 Rxh4
28. a5 Ke7 29. Be2 Rg8 30. Bf3 Rg5 31. Kf2 Be8 32. b3 Bg6 33. Rac1 Be4 34. Bxe4
dxe4 35. Rh1 Rxh1 36. Rxh1 Rxe5 37. Rh7+ Kf6 38. Rxb7 Rxa5 39. Ke3 Rg5 40. Kxe4
Rxg2 41. Ra7 Ra2 42. b4 Ra1 43. Ra8 Ke7 44. Kd3 Kd6 45. c4 Kc6 46. b5+ Kb7 47.
Rxa6 Rxa6 48. bxa6+ Kxa6 49. Kd4 Kb6 50. Ke5 Kc5 1/2-1/2

[Event "5.Copenhagen Open IM Politiken Cup"]
[Site "Hvidovre"]
[Date "1983.??.??"]
[Round "1"]
[White "Hartung Nielsen, Jens"]
[Black "Moe, Mogens"]
[Result "0-1"]
[WhiteElo "2250"]
[BlackElo "2345"]
[PlyCount "80"]
[EventDate "1983.??.??"]
[EventType "swiss"]
[EventRounds "9"]
[EventCountry "DEN"]
[SourceDate "2004.01.01"]

1. d4 Nf6 2. Nf3 g6 3. Bg5 Ne4 4. Bf4 Bg7 5. Nbd2 d5 6. e3 c5 7. Nxe4 dxe4 8.
Ne5 O-O 9. c3 Be6 10. Be2 f6 11. Bc4 Bd5 12. Qb3 e6 13. Bxd5 Qxd5 14. Nc4 cxd4
15. exd4 g5 16. Bxb8 Raxb8 17. Ne3 Qxb3 18. axb3 a6 19. Ra5 Rfd8 20. g4 Bf8 21.
h4 gxh4 22. Rxh4 Rxd4 23. Ke2 Rd7 24. Ra4 Rbd8 25. Rxe4 Rd2+ 26. Kf3 Rxb2 27.
Rxe6 Rxb3 28. c4 Kf7 29. Re4 Kg6 30. Kg2 a5 31. Nd5 h6 32. Re6 Rd6 33. Re8 Kf7
34. Ra8 Rc6 35. Rxa5 Rxc4 36. Ne3 Rf4 37. Ra2 Kg6 38. Rh1 Bc5 39. Kg3 Bxe3 40.
fxe3 Re4 0-1

[Event "5.Copenhagen Open IM Politiken Cup"]
[Site "Hvidovre"]
[Date "1983.??.??"]
[Round "7"]
[White "Hodgson, Julian M"]
[Black "King, Daniel J"]
[Result "1/2-1/2"]
[WhiteElo "2385"]
[BlackElo "2395"]
[PlyCount "20"]
[EventDate "1983.??.??"]
[EventType "swiss"]
[EventRounds "9"]
[EventCountry "DEN"]
[SourceDate "2004.01.01"]

1. e4 c5 2. Nc3 Nc6 3. g3 g6 4. Bg2 Bg7 5. d3 e6 6. Be3 d6 7. f4 Nge7 8. Nf3
O-O 9. O-O Nd4 10. Rb1 Rb8 1/2-1/2